| 000 | 00639cam a22002057i 4500 | ||
|---|---|---|---|
| 999 |
_c7295 _d7295 |
||
| 003 | OSt | ||
| 005 | 20200520153407.0 | ||
| 008 | 200520s2014 sp ||||| 000 0 spa|d | ||
| 017 | _aDL M. 23246-2014 | ||
| 020 | _a9788430963003 | ||
| 040 |
_aES-BaCBU _bcat _cCDMR |
||
| 100 | 1 | _aUrías Joaquín | |
| 245 | 1 | 0 |
_aPrincipios de derecho de la información _c/ Joaquín Urías |
| 260 |
_aMadrid : _bTecnos, _c2014 |
||
| 300 |
_a300 p. ; _c24 cm |
||
| 500 | _aEds. anteriors sota el títol: Lecciones de derecho de la información | ||
| 504 | _aReferències bibliogràfiques | ||
| 650 | 4 |
_aLlibertat d'informació _zEspanya _91574 |
|
| 942 | _cMON | ||